<?xml version="1.0" encoding="UTF-8"?><?xml-stylesheet type="text/xsl" href="static/style.xsl"?><OAI-PMH xmlns="http://www.openarchives.org/OAI/2.0/" xmlns:xsi="http://www.w3.org/2001/XMLSchema-instance" xsi:schemaLocation="http://www.openarchives.org/OAI/2.0/ http://www.openarchives.org/OAI/2.0/OAI-PMH.xsd"><responseDate>2026-04-13T05:52:37Z</responseDate><request verb="GetRecord" identifier="oai:www.recercat.cat:10256/22613" metadataPrefix="marc">https://recercat.cat/oai/request</request><GetRecord><record><header><identifier>oai:recercat.cat:10256/22613</identifier><datestamp>2024-06-18T12:33:18Z</datestamp><setSpec>com_2072_452955</setSpec><setSpec>com_2072_2054</setSpec><setSpec>col_2072_453072</setSpec></header><metadata><record xmlns="http://www.loc.gov/MARC21/slim" xmlns:dcterms="http://purl.org/dc/terms/" xmlns:xsi="http://www.w3.org/2001/XMLSchema-instance" xmlns:doc="http://www.lyncode.com/xoai" xsi:schemaLocation="http://www.loc.gov/MARC21/slim http://www.loc.gov/standards/marcxml/schema/MARC21slim.xsd">
   <leader>00925njm 22002777a 4500</leader>
   <datafield ind2=" " ind1=" " tag="042">
      <subfield code="a">dc</subfield>
   </datafield>
   <datafield ind2=" " ind1=" " tag="720">
      <subfield code="a">Trujano Ruiz, Patricia</subfield>
      <subfield code="e">author</subfield>
   </datafield>
   <datafield ind2=" " ind1=" " tag="720">
      <subfield code="a">Gracia Blanco, Manuel de</subfield>
      <subfield code="e">author</subfield>
   </datafield>
   <datafield ind2=" " ind1=" " tag="720">
      <subfield code="a">Nava Quiroz, Carlos</subfield>
      <subfield code="e">author</subfield>
   </datafield>
   <datafield ind2=" " ind1=" " tag="720">
      <subfield code="a">Thomas, Mònica</subfield>
      <subfield code="e">author</subfield>
   </datafield>
   <datafield ind2=" " ind1=" " tag="260">
      <subfield code="c">2021-10-27</subfield>
   </datafield>
   <datafield ind2=" " ind1=" " tag="520">
      <subfield code="a">Background: Eating behavior represents an important public health issue. This study shows the results of the adaptation and validation of the questionnaire eating pattern inventory for children (EPI-C) in the Spanish version, what can be very useful in Spanish-speaking contexts. Methods: The adaptation and validation of the questionnaire was carried out with a statistically representative sample of 417 adolescents of Mexico City. Different statistical analysis were applied. Results: The analysis of the adapted version reproduced the same factorial structure and psychometric properties as the original questionnaire. The adapted inventory consisted of 20 items, formed by 4 subscales dietary restraint (8 items), external eating (6 items), parental pressure to eat (3 items), and emotional eating (3 items) which explained the 68,8% of the total variable. Conclusions: The scores of the subscales were associated with the body weight of the adolescents with normal weight and overweight-obesity, with the level of the anxiety state, with the emotional eating and with the dietary restraints which suggests initial evidence of its validity and utility in Spanish speaking countries</subfield>
   </datafield>
   <datafield ind1="8" ind2=" " tag="024">
      <subfield code="a">http://hdl.handle.net/10256/22613</subfield>
   </datafield>
   <datafield tag="653" ind2=" " ind1=" ">
      <subfield code="a">Adolescents -- Alimentació</subfield>
   </datafield>
   <datafield tag="653" ind2=" " ind1=" ">
      <subfield code="a">Teenagers -- Feeding and feeds</subfield>
   </datafield>
   <datafield ind2="0" ind1="0" tag="245">
      <subfield code="a">Adaptation, validation and reliability of the Spanish version of eating pattern inventory for children EPIC-C in a sample of Mexican adolescents</subfield>
   </datafield>
</record></metadata></record></GetRecord></OAI-PMH>